000
00284cam a22000977a 4500
008
180718b1960 xxu||||| |||| 00| 0 eng d
082
_a
U61x54 In2c/1960
245
_a
Report on occupational pattern of employees in the public sector in India(1960)
260
_a
_b
_c
1960
300
_a
10p.
999
_c
498354
_d
498354